| Tag |
First Indicator |
Second Indicator |
Subfields |
| LEADER |
00000cam a2200000 a 4500 |
| 001 |
in00000336607 |
| 005 |
20201022150750.0 |
| 008 |
820126c1981 mauabf 00110aeng |
| 010 |
|
|
|a 81-202576
|
| 020 |
|
|
|a 0395315425 (pbk.) :
|c $6.95
|
| 035 |
|
|
|a (OCoLC)07846051
|
| 035 |
|
|
|9 ABL0929AM
|
| 040 |
|
|
|a DLC
|c DLC
|d TXA
|
| 043 |
|
|
|a n-usu--
|a nwcu---
|a n-us---
|
| 049 |
|
|
|a TXAM
|c [1407529]
|
| 050 |
0 |
|
|a QH31 M9
|b A354 1981
|
| 082 |
0 |
|
|a 917.5044
|2 19
|
| 100 |
1 |
|
|a Muir, John,
|d 1838-1914.
|
| 245 |
1 |
2 |
|a A thousand-mile walk to the Gulf /
|c by John Muir ; edited and with an introduction by William Frederic Bade ; foreword by Peter Jenkins.
|
| 260 |
|
|
|a Boston :
|b Houghton Mifflin,
|c [1981] c1916.
|
| 300 |
|
|
|a xxxii, 217 p., [10] leaves of plates :
|b ill., map ;
|c 21 cm.
|
| 336 |
|
|
|a text
|b txt
|2 rdacontent
|
| 337 |
|
|
|a unmediated
|b n
|2 rdamedia
|
| 338 |
|
|
|a volume
|b nc
|2 rdacarrier
|
| 500 |
|
|
|a Includes index.
|
| 600 |
1 |
0 |
|a Muir, John,
|d 1838-1914.
|
| 650 |
|
0 |
|a Botany
|z Southern States.
|
| 650 |
|
0 |
|a Naturalists
|z United States
|x Biography.
|
| 651 |
|
0 |
|a Southern States
|x Description and travel.
|
| 651 |
|
0 |
|a Cuba
|x Description and travel.
|
| 700 |
1 |
|
|a Badè, William Frederic,
|d 1871-1936.
|
| 999 |
f |
f |
|s 8c7c414b-5542-3748-b41b-6eb42d4750fe
|i 4f935bd1-3987-3483-919b-7ef36668d2a6
|t 0
|
| 952 |
f |
f |
|p ric
|a Texas A&M University
|b Rellis Campus
|c Joint Library Facility
|d Remote Storage
|t 0
|e QH31 M9 A354 1981
|h Library of Congress classification
|i unmediated -- volume
|m A14806445734
|
| 998 |
f |
f |
|a QH31 M9 A354 1981
|t 0
|l Remote Storage
|